| 000 | 00907nam a22002057a 4500 | ||
|---|---|---|---|
| 999 |
_c4074 _d4074 |
||
| 003 | AR-CdUCM | ||
| 008 | 190307b ||||| |||| 00| 0 spa d | ||
| 040 |
_aMUNICIPALIDAD PROVINCIAL DEL CUSCO _cBIBLIOTECA MUNICIPAL DEL CUSCO |
||
| 082 |
_a985.01 / _bL65 |
||
| 100 |
_aLinares Málaga, Eloy _93010 |
||
| 245 |
_aEl antropólogo alemán Friedrich Max Uhle : _bpadre de la arqueología andina / |
||
| 260 |
_aLima : _bTalls. Gráf. P.L. Villanueva, _c1964. |
||
| 300 |
_a151 páginas ; _bilustraciones, retrato, documentos plegables, _c21 cm. |
||
| 505 | _aContenido: Apuntes biográficos del profesor Max Uhle -- La obra del Dr. Max Uhle -- Clasificación por temas de las obras del profesor Max Uhle -- Teoría del profesor Max Ulhe. | ||
| 650 |
_aBiografía _922 |
||
| 650 |
_aArqueólogos alemanes _912946 |
||
| 650 |
_aArqueólogos de los andes del Perú _912947 |
||
| 942 |
_2ddc _cLIBROS |
||
| 945 | _aachl | ||